| 000 | 00566nam a2200169 a 4500 | ||
|---|---|---|---|
| 001 | 000049208 | ||
| 005 | 20201002061734.0 | ||
| 008 | 190729s1998 dr r 000 0 spa d | ||
| 040 |
_aDO-SdBNP _bspa _cBNPHU |
||
| 082 |
_axxxx _bG633a |
||
| 100 | 1 |
_aGómez Navarro, Eusebio _92192 |
|
| 245 | 1 | 0 |
_aAmigos fuertes de Dios : _bvida y pensamientos de Santa Teresa de Jesús / _cEusebio Gómez Navarro. |
| 250 | _a2a ed. | ||
| 260 |
_aSanto Domingo : _bEditorial de Espiritualidad del Caribe, _c1998. |
||
| 300 |
_a108 p. : _bil. ; _c22 cm. |
||
| 590 | _aInventariado, 2019/BT | ||
| 999 |
_c48696 _d48696 |
||